College of Drafted NFL Punter - Statistics

General Stats
  • This quiz has been taken 19 times
  • The average score is 96 of 165
Answer Stats
Year Name NFL Team College Round % Correct
2018 Michael Dickson Seahawks Texas 5
94%
John Teltschik Bears Texas 9
94%
John Goodson Steelers Texas 8
94%
2014 Pat O'Donnell Bears Miami (FL) 6
88%
2002 Dave Zastudil Ravens Ohio 4
88%
Mike Green Dolphins Ohio 16
88%
David Green Bengals Ohio 17
88%
2004 B.J. Sander Packers Ohio State 3
88%
Brent Bartholomew Dolphins Ohio State 6
88%
1977 Tom Skladany Browns Ohio State 2
88%
2025 Jeremy Crawshaw Broncos Florida 6
82%
Johnny Townsend Raiders Florida 5
82%
1986 Ray Criswell Eagles Florida 5
82%
Alan Williams Jets Florida 12
82%
2024 Tory Taylor Bears Iowa 4
82%
Reggie Roby Dolphins Iowa 6
82%
2023 Brad Robbins Bengals Michigan 6
82%
2010 Zoltan Mesko Patriots Michigan 5
82%
Monte Robbins Buccaneers Michigan 4
82%
2005 Dustin Colquitt Chiefs Tennessee 3
82%
David Leaverton Jaguars Tennessee 5
82%
Kent Elmore Rams Tennessee 7
82%
Craig Colquitt Steelers Tennessee 3
82%
Neil Clabo Vikings Tennessee 10
82%
Herman Weaver Lions Tennessee 9
82%
2020 Braden Mann Jets Texas A&M 6
82%
2016 Drew Kaser Chargers Texas A&M 6
82%
2000 Shane Lechler Raiders Texas A&M 5
82%
Steve O'Neal Jets Texas A&M 13
82%
Pat McAfee Colts West Virginia 7
82%
1995 Todd Sauerbrun Bears West Virginia 2
82%
JK Scott Packers Alabama 5
76%
Bryne Diehl Giants Alabama 7
76%
1989 Chris Mohr Buccaneers Alabama 6
76%
Daniel Sepulveda Steelers Baylor 4
76%
Luke Prestridge Broncos Baylor 7
76%
2015 Bradley Pinion 49ers Clemson 5
76%
1991 Chris Gardocki Bears Clemson 3
76%
1985 Dale Hatcher Rams Clemson 3
76%
2022 Jake Camarda Buccaneers Georgia 4
76%
1970 Spike Jones Oilers Georgia 4
76%
Bucky Scribner Packers Kansas 11
76%
2006 Sam Koch Ravens Nebraska 6
76%
1999 Josh Bidwell Packers Oregon 4
76%
Jake Bailey Patriots Stanford 5
76%
Dave Ottmar Rams Stanford 16
76%
Mitch Berger Eagles Colorado 6
71%
Barry Helton 49ers Colorado 4
71%
1982 Rohn Stark Colts Florida State 2
71%
Hunter Smith Colts Notre Dame 7
71%
1974 Brian Doherty Bills Notre Dame 9
71%
2022 Jordan Stout Ravens Penn State 4
71%
1987 John Bruno Cardinals Penn State 5
71%
George Reynolds Rams Penn State 9
71%
Ralph Giacomarro Falcons Penn State 10
71%
1990 John Nies Bills Arizona 6
65%
Ruben Rodriguez Seahawks Arizona 5
65%
Dennis Anderson Chiefs Arizona 16
65%
Mitch Hoopes Cowboys Arizona 8
65%
2012 Bryan Anger Jaguars California 3
65%
2001 Nick Harris Broncos California 4
65%
Scott Tabor Raiders California 9
65%
2021 Pressley Harvin Steelers Georgia Tech 7
65%
2008 Durant Brooks Redskins Georgia Tech 6
65%
Rodney Williams Rams Georgia Tech 7
65%
Donnie Jones Seahawks Louisiana State 7
65%
Klaus Wilmsmeyer Buccaneers Louisville 12
65%
Wilbur Summers Broncos Louisville 15
65%
Tom Wittum 49ers Northern Illinois 8
65%
2013 Jeff Locke Vikings UCLA 5
65%
Kirk Maggio Packers UCLA 12
65%
Brett White Eagles UCLA 15
65%
Bruce Barnes Patriots UCLA 12
65%
Skip Boyd Rams Washington 17
65%
Gavin Hendrick Chargers Washington State 8
65%
2003 Mike Scifres Chargers Western Illinois 5
65%
Jim Meyer Packers Arizona State 12
59%
Mike Black Lions Arizona State 7
59%
Greg Horne Bengals Arkansas 5
59%
Steve Cox Browns Arkansas 5
59%
Brian Shulman Packers Auburn 8
59%
Lewis Colbert Chiefs Auburn 8
59%
Mike Hubach Patriots Kansas State 11
59%
Bob Coble Bears Kansas State 15
59%
2007 Adam Podlesh Jaguars Maryland 4
59%
Phil Waganheim Colts Maryland 10
59%
2023 Bryce Baringer Patriots Michigan State 6
59%
Brandon Fields Dolphins Michigan State 7
59%
Craig Jarrett Seahawks Michigan State 6
59%
1988 Greg Montgomery Oilers Michigan State 3
59%
1981 Ray Stachowicz Packers Michigan State 3
59%
Trenton Gill Bears North Carolina State 7
59%
1978 Johnny Evans Browns North Carolina State 2
59%
Cliff Parsley Saints Oklahoma State 6
59%
Shawn McCarthy Falcons Purdue 12
59%
Matt Araiza Bills San Diego State 6
59%
Wayne Ross Redskins San Diego State 12
59%
Mike Saxon Lions San Diego State 11
59%
Max Runager Eagles South Carolina 8
59%
Sterling Hofrichter Falcons Syracuse 7
59%
Riley Dixon Broncos Syracuse 7
59%
1994 Patt O'Neill Patriots Syracuse 5
59%
Chris Becker Cardinals Texas Christian 10
59%
Maruy Buford Chargers Texas Tech 8
59%
Mike Mock Jets Texas Tech 8
59%
2019 Mitch Wishnowsky 49ers Utah 4
59%
Rick Partridge Packers Utah 8
59%
1972 Marv Bateman Cowboys Utah 3
59%
1983 Jim Arnold Chiefs Vanderbilt 5
59%
Russ Henderson Colts Virginia 9
59%
1963 Brent Bowden Buccaneers Virginia Tech 6
59%
Brad Nortman Panthers Wisconsin 6
59%
Bill Smith Packers Mississippi 7
53%
1980 Jim Miller 49ers Mississippi 3
53%
Julian Fagan Oilers Mississippi 17
53%
Mike Rice Jets Montana 8
53%
1969 Roy Gerela Oilers New Mexico State 4
53%
Tommy Barnhardt Buccaneers North Carolina 9
53%
Andy Lee 49ers Pittsburgh 6
53%
Brian Greenfield Browns Pittsburgh 10
53%
Larry Swider Broncos Pittsburgh 7
53%
Bill Moats Packers South Dakota 12
53%
1973 Ray Guy Raiders Southern Mississippi 1
53%
1963 Jerrel Wilson Rams Southern Mississippi 17
53%
2009 Kevin Huber Bengals Cincinnati 5
47%
Mike Connell 49ers Cincinnati 10
47%
1975 Jeff West Bengals Cincinnati 5
47%
Logan Cooke Jaguars Mississippi State 7
47%
1984 John Kidd Bills Northwestern 5
47%
Ryan Plackemeier Seahawks Wake Forest 7
47%
Harry Newsome Steelers Wake Forest 8
47%
Jeff Buffaloe Rams Memphis 8
41%
Stuart Dodds Chargers Montana State 7
41%
Danny Lee Saints N.E. Louisiana 11
41%
Bret Wright Jets Southeastern Louisiana 8
41%
Keith Muehr Seahawks Southwestern Louisiana 11
41%
1996 Brian Gragert Broncos Wyoming 7
41%
Cris Shale Redskins Bowling Green 10
35%
Reggie Hodges Rams Ball State 6
29%
1997 Brad Maynard Giants Ball State 3
29%
Thomas Morstead Saints Southern Methodist 5
29%
1979 Eddie Hare Patriots Tulsa 4
29%
1976 Rick Engles Seahawks Tulsa 3
29%
1971 Ken Duncan Vikings Tulsa 17
29%
Sam Martin Lions Appalachian State 5
24%
1993 Harold Alexander Falcons Appalachian State 3
24%
Mike Deutsch Vikings Colorado State 9
24%
Ed Bunn Redskins Texas-El Paso 3
24%
Matt Dodge Giants East Carolina 7
18%
Greg Coleman Bengals Florida A&M 14
18%
Eddie Johnson Vikings Idaho State 6
18%
Case DeBruijn Chiefs Idaho State 8
18%
Paul Alsbury Patriots Southwest Texas State 11
18%
Ethan Evans Rams Wingate 7
18%
Bruce Allen Colts Richmond 12
12%
Lac Edwards Jets Sam Houston State 7
12%
Jim Foote Jets Delaware Valley 17
6%
Mike Culton 49ers LaVerne 17
6%
Mike Horan Falcons Long Beach State 9
6%
Brian Hansen Saints Sioux Falls 9
6%
1992 Pumpy Tudors Eagles Tennessee-Chattanooga 11
6%
Greg Cater Bills Tennessee-Chattanooga 10
6%
Bob Bialik Bengals Hillsdale 10
0%
Jeff Fite Packers Memphis State 5
0%
Rick Faulk Jets San Francisco State 15
0%
No matching quizzes found
Score Distribution
Percent of People with Each Score
Percentile by Number Answered
Your Score History
You have not taken this quiz